000 00376nam a2200121 4500
999 _c13765
_d13765
008 190403b ||||| |||| 00| 0 eng d
100 _938250
_aLeyco, Chino S.
245 _aSC rulling on IRA has 'broad impact' on fiscal management/
_cChino S. Leyco
260 _aPhilippines:
_bManila Bulletin;
_cc2018.
300 _apage B-7.
650 0 _938251
_aFinance.
942 _2ddc
_cPER